000 00883nam a2200205Ia 4500
003 GCL
008 140319s9999 xx 000 0 ara d
040 _aGCL /
_cGCL
082 0 4 _aق
_b962.03
_bا ع
100 1 _aايمان محمد عبدالمنعم عامر
245 1 0 _aالعربان ودورهم فى المجتمع المصرى: فى النصف الاول من القرن التاسع عشر /
_cايمان محمد عبدالمنعم عامر
260 _aالقاهرة :
_bالهيئة المصرية العامة للكتاب ،
_c1997
300 _a302 ص ؛
_c20سم
490 _aتاريخ المصريين
_v0
650 0 4 _aالمجتمع المصرى
650 0 4 _aمصر - تاريخ - العصر الحديث (1805 - 1956 )
650 0 4 _aمصر - الاحوال الاجتماعية
650 0 4 _aالمجتمع القبلى - مصر
942 _2ddc
_cBK
999 _c50048
_d50048